[Event "RUS Cup final"]
[Site "Magnitogorsk"]
[Date "2011.11.14"]
[Round "1.4"]
[White "Matlakov, Maxim"]
[Black "Geller, Jakov"]
[Result "1-0"]
[WhiteElo "2632"]
[BlackElo "2563"]
[Annotator "RR"]
[PlyCount "161"]
[EventDate "2011.11.13"]
[EventType "k.o."]
[EventRounds "4"]
[EventCountry "RUS"]
[SourceTitle "CBM 146"]
[Source "ChessBase"]
[SourceDate "2012.01.18"]
[SourceVersion "1"]
[SourceVersionDate "2012.01.18"]
[SourceQuality "1"]

1. c4 e6 2. Nf3 d5 3. g3 dxc4 4. Qa4+ c6 5. Qxc4 b5 6. Qc2 Bb7 7. Bg2 a6 8. O-O
Nf6 9. Nc3 Nbd7 10. a4 Be7 11. Rd1 O-O 12. d4 Rc8 13. Ne5 Qb6 14. Bg5 Rfe8 15.
Nxd7 Nxd7 16. Bxe7 Rxe7 17. Ne4 c5 18. Nxc5 Bxg2 19. Kxg2 Qc6+ 20. Qe4 Qxe4+
21. Nxe4 f5 22. Ng5 h6 23. Nf3 bxa4 24. Rxa4 Rb8 25. Rd2 Rb6 26. Rc2 Kf7 27.
Rc7 Kf6 28. e3 g5 29. Nd2 Rxb2 30. Nc4 Rc2 31. Rxa6 Nb8 32. Raa7 Rxc7 33. Rxc7
Na6 34. Ra7 Rxc4 35. Rxa6 Kf7 36. h3 h5 37. g4 fxg4 38. hxg4 e5 $2 (38... h4
39. Ra5 Kf6 $11) 39. gxh5 $18 exd4 40. e4 d3 41. Kf3 Rd4 42. Ra1 d2 43. Rd1
Rd3+ 44. Ke2 Rh3 45. Rxd2 Rxh5 46. Rd5 Kf6 47. Rf5+ Kg6 48. Ke3 Rh1 $6 (48...
Rh8 49. Kf3 Rh3+ $14) 49. Ra5 $6 (49. f3 Re1+ 50. Kd4 $18) 49... Rb1 50. Ra6+
Kf7 51. Kf3 Rb4 52. Ra5 Kf6 53. Ra6+ Kf7 54. Ra3 Kf6 55. Ke3 Rb1 $6 (55... Rb5
56. f3 Rb2 $14) 56. Rc3 Ra1 57. f3 Ra2 58. Kd4 Ra4+ 59. Kd5 Ra5+ 60. Kd4 Ra4+
61. Ke3 Ra2 62. Rc6+ Kf7 63. Kd4 $6 (63. e5 Ra4 64. Rf6+ $16) 63... Rf2 64. Ke3
Ra2 65. e5 Ra3+ 66. Ke4 Ra4+ 67. Kd5 Ra3 68. Rf6+ Ke7 $2 (68... Kg7 69. Ke4 Rb3
) 69. Ke4 $18 Rb3 70. Rg6 Rb4+ 71. Ke3 Rb3+ 72. Kf2 Rb5 73. Rxg5 Ke6 74. f4 Rb3
75. Rg3 Rb1 76. Kf3 Kd5 77. Kg4 Ke4 78. Rg2 Rf1 79. Re2+ Kd3 80. Ra2 Ke3 81.
Ra3+ 1-0

[Event "Sautron op 15th"]
[Site "Sautron"]
[Date "2015.10.24"]
[Round "7.1"]
[White "Zubarev, Alexander2"]
[Black "Ider, Borya"]
[Result "1/2-1/2"]
[WhiteElo "2542"]
[BlackElo "2464"]
[Annotator "RR"]
[PlyCount "69"]
[EventDate "2015.10.24"]
[EventType "swiss"]
[EventRounds "9"]
[EventCountry "FRA"]
[SourceTitle "CBM 169 Extra"]
[Source "ChessBase"]
[SourceDate "2015.12.18"]
[SourceVersion "1"]
[SourceVersionDate "2015.12.18"]
[SourceQuality "1"]
[TimeControl "40/5400+30:1800+30"]
[WhiteClock "0:01:21"]
[BlackClock "0:25:18"]

1. Nf3 {[%emt 0:00:00]} e6 {[%emt 0:00:00]} 2. c4 {[%emt 0:00:00]} d5 {[%emt 0:
00:00]} 3. g3 {[%emt 0:00:00]} Nf6 {[%emt 0:00:00]} 4. Bg2 {[%emt 0:00:00]}
dxc4 {[%emt 0:00:00] Une variante solide} 5. O-O {[%emt 0:00:24]} a6 {[%emt 0:
00:00][%cal Gb7b5]} 6. Qc2 {[%emt 0:00:17]} (6. Na3 Bxa3 7. bxa3 b5 8. Ng5 Nd5
9. d3 $13 {Von Bahr,O (2298)-Socko,B (2657) Rilton Cup 43rd 2013 (1) 0-1}) 6...
Bd6 {[%emt 0:00:01]} (6... Nbd7 7. Qxc4 b5 8. Qc2 Bb7 9. b3 Be7 10. Bb2 O-O 11.
a4 c5 12. d3 Qb6 13. Nbd2 Nd5 14. Rfc1 Rac8 15. axb5 axb5 16. Ne4 Nb4 17. Qc3
f6 18. Bh3 Rfe8 19. Qd2 Nd5 20. Qa5 Bf8 21. Qxb6 N5xb6 22. Ra5 Bc6 23. Nc3 b4
24. Ne4 Bxe4 25. dxe4 c4 26. bxc4 Nxc4 27. Ra6 Kf7 28. Ra7 Ncb6 29. Rxc8 Rxc8
30. Nd4 Re8 31. Rc7 Bc5 32. Nb3 Rc8 33. Rb7 Ke7 34. e3 Na4 35. Bd4 Bd6 36. Kg2
{Vachier Lagrave,M (2758)-Wojtaszek,R (2744) Beijing 2014 1-0}) (6... b5 7. Ne5
Nd5 8. d3 $32 {[%csl Re8]}) 7. Qxc4 {[%emt 0:01:48]} b5 {[%emt 0:00:04]
Gagnant un tempo important pour le développement et les Noirs ont des bons
résultats avec ce système} 8. Qc2 {[%emt 0:01:06]} Bb7 {[%emt 0:00:04]} 9. a4
{[%emt 0:02:01]} (9. d3) (9. Nc3) 9... Nbd7 {[%emt 0:01:54]} 10. Nc3 {[%emt 0:
01:24]} b4 {[%emt 0:00:24]} 11. Nd1 {[%emt 0:00:20]} O-O {[%emt 0:08:07]} 12.
b3 $146 {[%emt 0:12:28]} (12. Ne3 e5 13. b3 e4 14. Nd4 Be5 15. Bb2 c5 16. Ndf5
Bxb2 17. Qxb2 g6 18. Nd6 Bc6 19. d3 Qe7 20. Nxe4 Nxe4 21. Bxe4 Bxe4 22. dxe4
Qxe4 23. Rad1 Ra7 24. Rd6 Qe5 25. Qxe5 Nxe5 26. f4 Nd7 27. Rfd1 Re8 28. Ng4
Rxe2 29. Rxd7 Rxd7 30. Nf6+ Kg7 31. Nxd7 c4 32. bxc4 b3 33. Nc5 b2 34. Rb1 Rc2
35. Nd3 Rxc4 36. Rxb2 Rxa4 37. Rb7 Ra2 38. Ne5 a5 39. Rxf7+ Kg8 40. Ra7 a4 41.
g4 a3 {Bocharov,D (2567)-Matsenko,S (2482) Khanty-Mansiysk 2014 1-0}) 12... Ne5
$1 {[%emt 0:15:49]} 13. Nxe5 {[%emt 0:06:50]} Bxe5 {[%emt 0:04:24]} 14. Bxb7 {
[%emt 0:00:28]} Bxa1 {[%emt 0:00:07]} 15. Bxa8 {[%emt 0:00:06]} Qxa8 {[%emt 0:
00:05]} 16. Bb2 {[%emt 0:02:48]} Bxb2 {[%emt 0:00:16]} 17. Nxb2 {[%emt 0:00:20]
} Rd8 {[%emt 0:00:27]} 18. Rc1 {[%emt 0:04:18]} (18. Qxc7 Rxd2 $132 {[%csl Rb3]
}) (18. Rd1 {[%cal Gc2c7]}) 18... h5 {[%emt 0:04:19][%cal Ga8g2,Gh5h3]} 19. Nd3
{[%emt 0:04:29]} Ne4 {[%emt 0:30:06]} (19... h4 20. Nf4) 20. f3 {[%emt 0:11:44]
} Ng5 {[%emt 0:05:22]} 21. Kg2 {[%emt 0:01:14]} Qd5 {[%emt 0:01:20]} (21... Qb7
22. Qxc7) (21... Rd7 $6 {[%cal Gd7c7]} 22. Ne5 $132 {[%csl Rd7]}) 22. Nxb4 {
[%emt 0:08:43]} Qxd2 {[%emt 0:00:28]} 23. Qxd2 {[%emt 0:11:54]} Rxd2 {[%emt 0:
00:10]} 24. Kf2 {[%emt 0:01:23]} Rb2 {[%emt 0:05:05][%csl Gb2]} 25. h4 {
[%emt 0:02:23]} Rxb3 {[%emt 0:00:43]} 26. Nxa6 {[%emt 0:00:12]} Nh7 {[%emt 0:
00:07]} 27. Rxc7 {[%emt 0:12:51]} Nf6 {[%emt 0:00:04]} (27... Ra3 28. Nc5) 28.
Nc5 {[%emt 0:00:52]} Ra3 $1 {[%emt 0:00:04]} 29. Rc8+ {[%emt 0:06:08]} Kh7 {
[%emt 0:00:13]} 30. e4 {[%emt 0:00:37]} Rc3 {[%emt 0:01:44]} 31. Rc7 {[%emt 0:
05:07]} Ne8 {[%emt 0:00:03]} 32. Rc6 {[%emt 0:00:21]} Nf6 {[%emt 0:00:04]} 33.
Rc7 {[%emt 0:02:30]} Ne8 {[%emt 0:00:03]} 34. Rc6 {[%emt 0:00:49]} Nf6 {
[%emt 0:00:05]} 35. Rc7 {[%emt 0:00:14]} 1/2-1/2

[Event "Cappelle op 31st"]
[Site "Cappelle la Grande"]
[Date "2015.02.28"]
[Round "1"]
[White "Gupta, Abhijeet"]
[Black "Favarel, Antoine"]
[Result "1-0"]
[WhiteElo "2621"]
[BlackElo "2394"]
[Annotator "RR"]
[PlyCount "89"]
[EventDate "2015.02.28"]
[EventType "swiss"]
[EventRounds "9"]
[EventCountry "FRA"]
[SourceTitle "EXT 2016"]
[Source "ChessBase"]
[SourceDate "2015.10.08"]
[SourceVersion "1"]
[SourceVersionDate "2015.10.08"]
[SourceQuality "1"]

1. Nf3 d5 2. c4 e6 3. g3 Nf6 4. Bg2 (4. d4 {Tranpose sur une Catalane}) 4... d4
5. O-O c5 6. e3 Nc6 7. exd4 cxd4 8. d3 Bd6 9. Bg5 (9. Na3 e5 10. c5 Bxc5 11.
Nc4 Nd7 12. Re1 O-O 13. Nfxe5 Ncxe5 14. Nxe5 Nxe5 15. Rxe5 Qb6 16. a4 a5 17.
Qc2 Bb4 18. Rb5 Qe6 19. Bf4 Bd7 20. Bd5 Qf6 21. Rxb7 Rac8 22. Qd1 Be6 23. Rb6
Rfe8 24. Bxe6 Rxe6 25. Rc1 Rce8 26. Rxe6 Qxe6 27. Bd2 Bxd2 28. Qxd2 Qf5 29. Rc4
Qd5 30. b4 axb4 31. Qxb4 h5 32. Rxd4 Qf3 33. Re4 Rd8 34. Re3 Qd1+ 35. Kg2 Rxd3
36. Rxd3 Qxd3 37. h4 g5 38. Qb8+ Kg7 {Giri,A (2784)-So,W (2762) Wijk aan Zee
2015 1-0 (111)}) 9... h6 10. Bxf6 Qxf6 11. Nbd2 Qd8 12. a3 a5 13. Rc1 O-O 14.
c5 Bc7 15. Re1 e5 16. Nc4 Re8 17. Nfd2 Be6 $146 (17... f5 18. Nb6 Bxb6 19. cxb6
Bd7 20. Nc4 Qf6 21. Qd2 a4 22. Qe2 Re7 23. Bd5+ Kh7 24. Qf3 Rae8 25. Nd2 Nd8
26. Rc7 Bc6 27. Rxe7 Rxe7 28. Bxc6 Nxc6 29. Qd5 Qg6 30. Nf3 Qf6 31. Nd2 Qg6 32.
Kg2 e4 33. dxe4 Qf6 34. Nf3 fxe4 35. Rxe4 Rxe4 36. Qxe4+ Kg8 37. Qe8+ Kh7 38.
Qe4+ Qg6 39. Nd2 Qxe4+ 40. Nxe4 Ne5 41. Nc5 d3 42. Kf1 Nc4 43. Nxd3 Nxb6 44.
Nc5 Kg6 45. Ke2 Kf5 46. f3 Ke5 47. Nxb7 {Harika,D (2508)-Khurtsidze,N (2456)
Batumi 2012 1-0 (62)}) 18. Ne4 Bxc4 19. Rxc4 Re7 20. Qg4 Re6 21. Qh5 Ne7 $6 {
La Re6 est mal placée} 22. Bh3 $1 $14 Rc6 (22... Rea6) 23. Bg2 Re6 24. b4 axb4
25. axb4 Ra3 26. Bh3 Rea6 27. b5 $36 Ra1 28. Rcc1 $1 Rxc1 29. Rxc1 Ra3 30. Qf3
b6 31. cxb6 Bxb6 32. Nd2 Ra5 33. Rb1 Qd5 $2 34. Qxd5 Nxd5 35. Nc4 $40 Nc3 36.
Nxa5 Nxb1 37. Nc4 Bc7 38. b6 Bb8 39. Na5 Nc3 40. Nc6 Bd6 41. b7 g6 42. Bf1 e4
43. dxe4 Nxe4 44. b8=Q+ Bxb8 45. Nxb8 1-0

[Event "POL-chT 66th"]
[Site "Katowice"]
[Date "2010.09.11"]
[Round "8"]
[White "Tazbir, Marcin"]
[Black "Swiercz, Dariusz"]
[Result "1/2-1/2"]
[WhiteElo "2523"]
[BlackElo "2507"]
[Annotator "RR"]
[PlyCount "83"]
[EventDate "2010.09.04"]
[EventType "team-tourn"]
[EventRounds "9"]
[EventCountry "POL"]
[SourceTitle "EXT 2016"]
[Source "ChessBase"]
[SourceDate "2015.10.08"]
[SourceVersion "1"]
[SourceVersionDate "2015.10.08"]
[SourceQuality "1"]
[WhiteTeam "Wroclaw"]
[BlackTeam "Wroclaw Polonia"]
[WhiteTeamCountry "POL"]
[BlackTeamCountry "POL"]

1. c4 e6 2. Nf3 d5 3. g3 dxc4 4. Qa4+ (4. Na3 Bxa3 5. Qa4+ b5 6. Qxa3 Bb7 $13)
4... Nd7 5. Qxc4 (5. Bg2) 5... a6 $1 6. Qc2 b5 7. Bg2 Bb7 8. O-O Ngf6 (8... c5
9. a4) 9. b3 (9. a4 c5) 9... Be7 10. Bb2 c5 11. d3 (11. Nc3 O-O 12. Rac1) 11...
O-O 12. Nbd2 Qb6 (12... Rc8 13. Rac1 Qb6 $11) 13. Rac1 Rfd8 14. Qb1 Rac8 15.
Rfd1 (15. Qa1 {Un thème important dans ce genre de structure} Bf8 16. Rc2 Qa7
17. Rfc1) 15... Qa7 16. e4 Qa8 17. Re1 Nb6 {[%csl Re4][%cal Gc5c4]} 18. Nf1 a5
19. h3 Nfd7 20. g4 Bf6 21. Ng3 Qb8 22. Rcd1 Bxb2 23. Qxb2 b4 (23... c4 {
Plus naturel}) 24. Rc1 Re8 25. e5 $6 {[%csl Rd5][%cal Gg3e4,Ge4d6]} Nd5 $132 {
[%csl Gd5]} 26. Qd2 Nc3 27. Nh5 {[%cal Gh5g7,Gh5f6,Gd2g5]} h6 28. Qf4 Bxf3 {
[%csl Re5]} (28... Nxa2 29. Rc2 Nc3 30. g5 $44) 29. Bxf3 Nf8 30. a4 Ng6 31. Qg3
{[%cal Gh3h4,Gh5g7]} Rcd8 32. Re3 Rd4 33. Rce1 Red8 34. Bg2 Qa7 35. Bf1 Qe7 36.
f4 Qh4 $17 37. Kh2 Qxg3+ 38. Kxg3 Ne7 39. Rf3 g6 $2 (39... c4 $1 40. dxc4 Nc6)
(39... Nc6 40. f5 R4d7 $36 {[%cal Gc6d4]}) 40. Nf6+ Kg7 41. Rc1 Rc8 42. Kf2
1/2-1/2

[Event "RUS Cup final"]
[Site "Magnitogorsk"]
[Date "2011.11.14"]
[Round "1.2"]
[White "Matlakov, Maxim"]
[Black "Geller, Jakov"]
[Result "1-0"]
[WhiteElo "2632"]
[BlackElo "2563"]
[Annotator "RR"]
[PlyCount "83"]
[EventDate "2011.11.13"]
[EventType "k.o."]
[EventRounds "4"]
[EventCountry "RUS"]
[SourceTitle "CBM 146"]
[Source "ChessBase"]
[SourceDate "2012.01.18"]
[SourceVersion "1"]
[SourceVersionDate "2012.01.18"]
[SourceQuality "1"]

1. c4 e6 2. Nf3 d5 3. g3 dxc4 4. Qa4+ c6 5. Qxc4 b5 6. Qc2 Bb7 7. Bg2 Nf6 8.
O-O a6 9. Nc3 Nbd7 10. a4 Qb6 11. d3 c5 12. axb5 axb5 13. Rxa8+ Bxa8 14. Qb3 b4
15. Nd1 Be7 16. Ne3 O-O 17. Nc4 Qb5 18. Qc2 Nb6 19. Nxb6 Qxb6 20. Ne5 Bxg2 21.
Kxg2 h6 22. Nc4 Qb7+ 23. f3 Nd5 24. e4 Nb6 25. Na5 Qd7 26. Be3 Qb5 27. Nb3 Nd7
28. Rc1 Rd8 29. d4 Rc8 30. dxc5 Ne5 31. Bd4 Nc6 32. Bf2 Bf6 33. f4 e5 34. Rd1
exf4 35. gxf4 Ra8 36. e5 Be7 37. Qe4 Bf8 $2 (37... Rd8 38. Rxd8+ Nxd8 $16) 38.
Nd4 $18 Nxd4 39. Qxa8 Nc6 40. Rd6 Qe2 41. Qxc6 Bxd6 $2 (41... Qg4+ 42. Kf1 Qxf4
) 42. cxd6 $18 1-0

[Event "Rohde op 12th"]
[Site "Sautron"]
[Date "2012.11.02"]
[Round "8"]
[White "Rusev, Krasimir"]
[Black "Ider, Borya"]
[Result "1/2-1/2"]
[WhiteElo "2549"]
[BlackElo "2394"]
[Annotator "RR"]
[PlyCount "185"]
[EventDate "2012.10.27"]
[EventType "swiss"]
[EventRounds "9"]
[EventCountry "FRA"]
[SourceTitle "EXT 2014"]
[Source "ChessBase"]
[SourceDate "2013.11.20"]
[SourceVersion "1"]
[SourceVersionDate "2013.11.20"]
[SourceQuality "1"]
[TimeControl "40/5400+30:1800+30"]
[WhiteClock "1:30:00"]
[BlackClock "1:30:00"]

1. Nf3 {[%emt 0:00:00]} e6 {[%emt 0:00:00]} 2. c4 {[%emt 0:00:00]} d5 {[%emt 0:
00:00]} 3. g3 {[%emt 0:00:00]} Nf6 {[%emt 0:00:03]} 4. b3 {[%emt 0:00:00]} Bd6
{[%emt 0:02:31] Une ligne secondaire} (4... Be7) (4... c5 {[%cal Gd5d4]}) 5.
Bb2 {[%emt 0:00:18]} Nbd7 {[%emt 0:00:19]} (5... c6 6. Bg2 Nbd7 7. O-O O-O 8.
d4 {Retombe sur une Catalane fermée}) 6. Bg2 {[%emt 0:03:56]} c6 {[%emt 0:00:
45]} 7. Nc3 {[%emt 0:05:20]} ({RR} 7. cxd5 exd5 8. O-O O-O 9. d3 Re8 10. Nbd2
Ne5 11. Qc2 Nxf3+ 12. Nxf3 Bg4 13. Rfe1 Bxf3 14. Bxf3 Be5 15. Bxe5 Rxe5 16. d4
Re6 17. b4 a5 18. Qb2 Qb6 19. Rab1 Qxb4 20. Qxb4 axb4 21. Rxb4 Re7 {Ishkhamov,
T (2387)-De Guzman,R (2458)/Reno 2005/EXT 2009/0-1 (39)}) 7... a6 $6 {[%emt 0:
03:52] Trop lent} (7... O-O 8. O-O Re8 9. d4) 8. d4 {[%emt 0:05:19]} O-O {
[%emt 0:00:41]} 9. O-O {[%emt 0:00:14]} b5 {[%emt 0:00:49]} 10. Nd2 $1 {
[%emt 0:08:24][%csl Rc6,Rd6][%cal Ge2e4,Gg2c6] Le Bd6 n'est pas trés bien placé
} (10. c5 $5 Bc7 11. Qc2 Qe7 12. b4 {[%csl Rc6,Rc8];Velikov,P (2443)-Vasilev,M
(2451) BUL-chT Plovdiv 2003 (7) 1-0}) 10... Bb7 {[%emt 0:14:26]} 11. e4 $14 {
[%emt 0:01:09]} Be7 {[%emt 0:11:49]} (11... dxe4 12. Ndxe4 {[%csl Rd6]}) (11...
b4 $5) 12. Re1 {[%emt 0:03:31]} (12. exd5 exd5 13. c5 $14 {[%csl Rb7][%cal
Gf1e1]}) (12. Qe2 $142 {Plus souple que Re1 car Nb6 suivant la même idée que
dans la partie permettrait d'améliorer la position pour les Blancs} Nb6 13. c5
Nbd7 14. e5 Ne8 15. b4 {Après la fermeture du centre la R est mieux placée en
f1 pour soutenir f4 qu'en e1} (15. f4)) 12... Nb6 {[%emt 0:05:25]} 13. c5 {
[%emt 0:05:19]} (13. exd5 cxd5 14. c5 $14 {[%cal Gb3b4]}) 13... Nbd7 {[%emt 0:
00:58]} 14. e5 {[%emt 0:02:02] Les Noirs commencent а manquer d'espace} Ne8 {
[%emt 0:00:10]} 15. b4 {[%emt 0:00:04]} g6 {[%emt 0:03:47]} 16. Nb3 {[%emt 0:
00:36][%csl Rb7,Rc6][%cal Gb3a5]} Ng7 {[%emt 0:02:24]} 17. Na5 {[%emt 0:13:49]}
Qc7 {[%emt 0:00:19]} 18. Bc1 {[%emt 0:01:34]} Rae8 {[%emt 0:05:11]} 19. Nb3 {
[%emt 0:06:48]} f6 {[%emt 0:03:38]} 20. f4 {[%emt 0:02:19]} Bc8 {[%emt 0:00:44]
} 21. Bd2 {[%emt 0:00:25]} (21. Na5) (21. a4 $5 {[%csl Ga1][%cal Ga4b5]}) 21...
Qd8 {[%emt 0:01:46]} 22. Qg4 $1 {[%emt 0:02:55][%csl Re6]} f5 {[%emt 0:01:13]}
23. Qe2 {[%emt 0:00:04]} Qc7 {[%emt 0:00:28] Les Noirs n'ont aucun jeu et ils
doivent se contenter d'attendre une faute adverse.} 24. a4 $1 {[%emt 0:00:06]}
Bb7 {[%emt 0:00:12]} 25. Ra2 $1 {[%emt 0:00:17][%cal Ge1a1] L'ouverture ab5
conduirait а des échanges soulageant la défense} Ra8 {[%emt 0:00:46] (=)} 26.
Rea1 $36 {[%emt 0:00:02]} h6 {[%emt 0:00:53]} 27. Be3 {[%emt 0:01:17]} (27.
axb5 axb5 28. Na5 $1 g5 29. Nxb5 $5 {[%csl Gb4,Gc5]} cxb5 30. Qxb5 Rfb8 31.
Nxb7 Rxa2 32. Rxa2 Rxb7 33. Qa5 $44) 27... Rfe8 {[%emt 0:03:34]} 28. Qd2 {
[%emt 0:00:09]} (28. Ra3 {[%cal Ga1a2,Ge2b2,Gb2a1]} h5 29. R1a2 Kf7 30. Qb2
Rec8 31. Qa1 {La batterie d'Alekhine}) 28... h5 {[%emt 0:01:41]} 29. Bf2 {
[%emt 0:01:24]} (29. h4) 29... Kf7 {[%emt 0:01:05]} (29... h4 $142) 30. h4 $1 {
[%emt 0:03:51]} Rec8 {[%emt 0:02:03]} 31. Bf1 {[%emt 0:00:04]} (31. Na5 $1 {
[%cal Ga2a3,Ga1a2,Gd2b2,Gb2a1,Ga5b7]}) 31... Rcb8 {[%emt 0:03:16]} 32. Ra3 {
[%emt 0:11:36] Enfin} Qc8 {[%emt 0:01:27]} 33. R1a2 {[%emt 0:02:51]} Ne8 {
[%emt 0:00:31]} 34. Be2 {[%emt 0:01:17][%cal Gd2d1,Ge2h5]} Nc7 $1 {[%emt 0:00:
31][%csl Gb5]} 35. Qd1 {[%emt 0:00:02]} Kg7 {[%emt 0:00:22]} (35... Nf8 36.
Bxh5 $5 gxh5 37. Qxh5+ $44 {[%csl Gh4]}) 36. Na5 $1 {[%emt 0:00:16]} (36. Qa1
a5 37. Nxa5 (37. axb5 axb4 38. Rxa8) 37... Rxa5 $1) 36... Nf8 {[%emt 0:00:34]}
37. Qa1 {[%emt 0:00:20]} Kf7 {[%emt 0:00:49]} 38. Kh2 {[%emt 0:01:11]} (38.
axb5 axb5 39. Nb1 Kg7 40. Nd2 Nd7 41. Ndb3) 38... Kg7 {[%emt 0:01:00]} 39. Nb1
{[%emt 0:00:56]} Qe8 {[%emt 0:06:20]} 40. Nxb7 {[%emt 0:00:00]} Rxb7 {[%emt 0:
00:00]} 41. axb5 $6 {[%emt 0:15:30]} cxb5 $1 {[%emt 0:00:16] Les Noirs
obtiennent la case "c6"} 42. Nd2 {[%emt 0:11:04]} Rba7 {[%emt 0:00:37]} 43. Nb3
{[%emt 0:04:20]} Nd7 {[%emt 0:01:30]} 44. Be1 {[%emt 0:00:42]} Nb8 $1 {[%emt 0:
00:11][%cal Gb8c6]} 45. Bc3 {[%emt 0:00:09]} Nc6 {[%emt 0:00:11]} 46. Qf1 {
[%emt 0:00:29][%cal Ge2b5]} Qd8 {[%emt 0:01:22]} 47. Kg2 {[%emt 0:00:15]} Kf7 {
[%emt 0:01:29]} 48. Qe1 {[%emt 0:00:07]} Ke8 {[%emt 0:00:26]} 49. Nc1 {[%emt 0:
02:45]} Kd7 {[%emt 0:00:46]} 50. Nd3 {[%emt 0:00:17]} Qb8 {[%emt 0:00:16]} 51.
Kf2 {[%emt 0:00:17]} Qd8 {[%emt 0:00:18]} 52. Ke3 {[%emt 0:00:02]} Qb8 {
[%emt 0:00:07]} 53. Nf2 {[%emt 0:00:45]} Rb7 {[%emt 0:01:26]} 54. Bd2 {[%emt 0:
00:16]} Rba7 {[%emt 0:00:17]} 55. Qb1 {[%emt 0:00:07]} Qd8 {[%emt 0:00:19]} 56.
Nd1 {[%emt 0:01:25]} Qh8 {[%emt 0:00:42]} 57. Ra1 {[%emt 0:00:05]} Qd8 {
[%emt 0:00:13]} 58. R3a2 {[%emt 0:00:04]} Qc8 {[%emt 0:00:27]} 59. Nc3 {
[%emt 0:00:14]} Qf8 {[%emt 0:00:22]} 60. Qb3 {[%emt 0:00:16]} Qb8 {[%emt 0:00:
41]} 61. Be1 {[%emt 0:01:05]} Qf8 {[%emt 0:00:25]} 62. Bf2 {[%emt 0:01:31]} Qb8
{[%emt 0:01:07]} 63. Kd2 {[%emt 0:00:30]} Qd8 {[%emt 0:00:35]} 64. Ra5 {
[%emt 0:00:39] Le GMI n'arrive pas а progresser mais les Noirs ne vont pas
accepter le sacrifice.} Qb8 {[%emt 0:01:38]} (64... Nxa5 65. Rxa5 $44) 65. Be3
{[%emt 0:01:02]} Qc8 {[%emt 0:01:38]} 66. Qb1 {[%emt 0:00:47]} Qd8 {[%emt 0:00:
35]} 67. R1a2 {[%emt 0:01:03]} Qb8 {[%emt 0:00:25]} 68. Rb2 {[%emt 0:00:06]}
Ke8 {[%emt 0:02:21]} 69. Qa2 {[%emt 0:00:35]} Kd7 {[%emt 0:01:12]} 70. Rb1 {
[%emt 0:00:11]} Qd8 {[%emt 0:02:12]} 71. Rb3 {[%emt 0:00:20]} Qb8 {[%emt 0:00:
18]} 72. Bf3 {[%emt 0:00:18]} Qc8 {[%emt 0:00:44]} 73. Kd3 {[%emt 0:00:40]} Qd8
{[%emt 0:00:21]} 74. Rb1 {[%emt 0:00:10]} Qg8 {[%emt 0:00:23]} 75. Qe2 {
[%emt 0:00:34]} Qc8 {[%emt 0:00:36]} 76. Kc2 {[%emt 0:00:07]} Qb8 {[%emt 0:00:
51]} 77. Kb3 {[%emt 0:00:22]} Qd8 {[%emt 0:00:30]} 78. Rba1 {[%emt 0:00:11]}
Qb8 {[%emt 0:00:34]} 79. Bf2 {[%emt 0:01:27]} Qc8 {[%emt 0:00:47]} 80. Rh1 {
[%emt 0:01:16]} Qf8 {[%emt 0:00:17]} 81. Be3 {[%emt 0:00:39]} Qd8 {[%emt 0:00:
18]} 82. Rha1 {[%emt 0:01:53]} Qb8 {[%emt 0:00:28]} 83. Qf1 {[%emt 0:01:12]}
Qd8 {[%emt 0:00:23]} 84. Be2 {[%emt 0:00:29]} Qb8 {[%emt 0:00:09]} 85. Qg2 {
[%emt 0:01:47]} Qd8 {[%emt 0:00:38]} 86. Bf3 {[%emt 0:01:16]} Qg8 {[%emt 0:00:
10]} 87. Qa2 {[%emt 0:00:06]} Qb8 {[%emt 0:00:12]} 88. Rb1 {[%emt 0:00:29]} Qd8
{[%emt 0:00:08]} 89. Kc2 {[%emt 0:00:15]} Qg8 {[%emt 0:00:06]} 90. Qb3 {
[%emt 0:00:14]} Qf7 {[%emt 0:00:26]} 91. Bf2 {[%emt 0:00:24]} Qg8 {[%emt 0:00:
13]} 92. Re1 {[%emt 0:00:06]} Kc8 {[%emt 0:00:39]} 93. Kb2 {[%emt 0:02:47]}
1/2-1/2